| 000 | 00681nam a22002297a 4500 | ||
|---|---|---|---|
| 008 | 240609b mp ||||| |||| 00| 0 mon d | ||
| 020 | _a99929-0-343-0 | ||
| 035 | _a2581 | ||
| 040 |
_aHUV0167120 _bmon _cMN-UlNLM _dMN-UlNLM _erda |
||
| 041 | _amon | ||
| 042 | _a3837 | ||
| 084 |
_2NNA _a85.313(4Авс) _bК.795 |
||
| 100 | _aКремнев Б. | ||
| 245 | 0 | _aВольфганг Амадей Моцарт | |
| 264 |
_aУлаанбаатар _bАдмон ХХК _c2004 |
||
| 300 | _a251х. | ||
| 336 |
_2rdacontent _atext _btxt |
||
| 337 |
_2rdamedia _aunmediated _bn |
||
| 338 |
_2rdacarrier _avolume _bnc |
||
| 650 | _aдэлхийн сод хүмүүс | ||
| 942 |
_2NNA _cBK |
||
| 999 |
_c862822 _d862879 |
||